| 000 | 00789cam a22002171 4500 | ||
|---|---|---|---|
| 001 | sd 20000018 | ||
| 003 | DLC | ||
| 005 | 20260227112732.0 | ||
| 008 | 860902s1917 ne 000 0 ger c | ||
| 010 | _asd 20000018 | ||
| 035 | _a(OCoLC)14171182 | ||
| 040 |
_aLibrary, U.S. Dept. of State _cDGW _dDLC |
||
| 050 | 0 | 0 |
_aJX1961.U6 _bF7 |
| 100 | 1 |
_aFried, Alfred H. _q(Alfred Hermann), _d1864-1921. |
|
| 245 | 1 | 4 |
_aDie bestrebungen der Vereinigten Staaten für ausbau und festigung einer zwischenstaatlichen ordnung (1794-1917) _cvon dr. Alfred H. Fried ... |
| 260 |
_aHaag, _c1917. |
||
| 300 |
_a52, [4] p. _c22 cm. |
||
| 490 | 0 |
_aNederlandsche Anti-oorlog raad. Capita selecta, _vno. 2 |
|
| 650 | 0 |
_aArbitration (International law) _xHistory. |
|
| 651 | 0 |
_aUnited States _xForeign relations. |
|
| 999 |
_c89768 _d89768 |
||